header

Generalized optimal control of linear systems with distributed parameters (Record no. 169991)

MARC details
000 -LEADER
fixed length control field 01366nam a2200349Ia 4500
082 04 - DEWEY DECIMAL CLASSIFICATION NUMBER
Classification number 003.5
100 1# - MAIN ENTRY--AUTHOR NAME
Personal name Lyashko, Sergei I.
245 10 - TITLE STATEMENT
Title Generalized optimal control of linear systems with distributed parameters
260 ## - PUBLICATION, DISTRIBUTION, ETC. (IMPRINT)
Place of publication Dordrecht ;
-- Boston :
Name of publisher Kluwer Academic,
Year of publication c2002.
300 ## - PHYSICAL DESCRIPTION
Number of Pages xvi, 456 p.
490 1# - SERIES STATEMENT
Series statement Applied optimization ;
650 #0 - SUBJECT ADDED ENTRY--TOPICAL TERM
Topical Term Control theory.
Topical Term Mathematical optimization.
Topical Term Distributed parameter systems.
856 40 - ELECTRONIC LOCATION AND ACCESS
Uniform Resource Identifier http://site.ebrary.com/lib/rucke/Doc?id=10053303

No items available.

© 2026 Rongo University
Contact us: librarian | system librarian | Rongo university